• 首页
  • 本馆介绍
  • 公告通知
  • 最新文献
  • 馆藏检索
  • 电子资源
  • 读者导购
  • 参考咨询
  • 我的图书馆
  • 登录
  • 详细信息显示
  • 放入我的书架
  • 预约/预借图书
  • 作者相关作品
  • 分类相关作品
  • 丛书相关作品
  • 出版社相关作品

书目信息

  • 表格格式
  • 工作单格式
  • 卡片格式
题名:
图说千种树木
    
 
作者: 孟庆武 , 纪殿荣 , 李彦慧 主编
分册: 4  
出版信息: 北京   中国农业出版社  2011.02
页数: 189页
开本: 22cm
丛书名:
单 册:
中图分类: S717.2-64
科图分类:
主题词: 树木--中国--图集 , 树木
电子资源:
ISBN: 978-7-109-15210-6
000 00947nam0 2200265 45
001 1355392749
005 20130513150744.46
010    @a978-7-109-15210-6@dCNY48.00
100    @a20130108d2011 em y0chiy50 ea
101 0  @achi
102    @aCN@b110000
105    @aa z 000yy
106    @ar
200 1  @a图说千种树木@ATu Shuo Qian Zhong Shu Mu@h4@f孟庆武,纪殿荣,李彦慧主编@FMeng Qing Wu, Ji Dian Rong, Li Yan Hui Zhu Bian
210    @a北京@c中国农业出版社@d2011.02
215    @a189页@d22cm
330    @a本册书介绍的树种均为被子植物。主要内容包括:酢浆草料;古柯科;蒺藜科;芸香科;苦木科;橄榄科;楝科;大戟科;黄杨科;漆树科;冬青科;卫矛科;省沽油科等。
606 0  @a树木@y中国@j图集
606 0  @a树木
690    @aS717.2-64@v5
701  0 @a孟庆武@AMeng Qing Wu@4主编
701  0 @a纪殿荣@AJi Dian Rong@4主编
701  0 @a李彦慧@ALi Yan Hui@4主编
801    @aCN@bTANGWEI@c20130109
905    @b0830914-16@dS717.2-64@e53:4@f3
    
    图说千种树木.4/孟庆武,纪殿荣,李彦慧主编.-北京:中国农业出版社,2011.02
    189页;22cm
    
    
    ISBN 978-7-109-15210-6:CNY48.00
    本册书介绍的树种均为被子植物。主要内容包括:酢浆草料;古柯科;蒺藜科;芸香科;苦木科;橄榄科;楝科;大戟科;黄杨科;漆树科;冬青科;卫矛科;省沽油科等。
●
相关链接 在E读中查询图书 在五车中查询图书 在当当中查询图书 在豆瓣中查询图书


正题名:图说千种树木     索取号:S717.2-64/53:4         预约/预借

序号 登录号 条形码 馆藏地/架位号 状态 备注
1 0830914   208309141   第二样本阅览室/ [索取号:S717.2-64/53:4] 在馆    
2 0830915   208309150   第三借阅区/ [索取号:S717.2-64/53:4] 在馆    
3 0830916   208309169   第三借阅区/ [索取号:S717.2-64/53:4] 在馆    
唐山师范学院图书馆 欢迎您!
大连网信软件有限公司© 版权所有